| 000 | 00478nam a22001937a 4500 | ||
|---|---|---|---|
| 003 | LK-CoMWRAF | ||
| 005 | 20231019223930.0 | ||
| 008 | 231019b2001 |||||||| |||| 00| 0 eng d | ||
| 020 | _a 0385492758 | ||
| 040 |
_aLK-CoMWRAF _dLK-CoMWRAF _eLK-CoMWRAF |
||
| 041 | _aeng | ||
| 082 |
_a823 _bBRA |
||
| 100 | _aBradford, Barbara Taylor | ||
| 245 | _aWhere you belong | ||
| 260 |
_aLondon : _bHarperCollins, _c2001 |
||
| 300 | _a368p | ||
| 650 | _aEnglish Fiction | ||
| 942 | _cBK | ||
| 999 |
_c3947 _d3947 |
||